00571nam a22001571a 450000100060000000300040000600500170001000800410002705000200006810000250008824501850011326400350029830000100033350000250034365000450036811664OSt20260204212251.0130503s2008||||dr ||||||b||||||||||spa|| aRD 343.07 R299c aRepublica Dominicana aCodigo de la Republica Dominicana: modificado por la ley 479-08 sobre sociedades comerciales y empresas individuales de responsabilidad limitada, promulgada el 11 de diciembre 2008 aRepública Dominicana : Is. L a338 P aIncluye bibliografia aDERECHO COMERCIAL2.CODIGO DE COMERCIOÌ